Top IO Games - Statistics

General Stats
  • This quiz has been taken 229 times
  • The average score is 4 of 10
Answer Stats
Hint Answer % Correct
Snakes Slither
91%
Blobs Agar
81%
Tanks Diep
57%
Lines Paper/Splix
52%
Fish Deeeep
46%
Zombie+Viliage Zombs
43%
Animals Mope
35%
Villiages MooMoo
25%
Survival Starve
12%
Zombie Braains
8%
No matching quizzes found
Score Distribution
Percent of People with Each Score
Percentile by Number Answered
Your Score History
You have not taken this quiz